The State of the Art of Thermo-Chemical Heat Storage (Record no. 22907)

MARC details
000 -LEADER
fixed length control field 00770nam a2200133Ia 4500
008 - FIXED-LENGTH DATA ELEMENTS--GENERAL INFORMATION
fixed length control field 220620s9999||||xx |||||||||||||| ||und||
020 ## - INTERNATIONAL STANDARD BOOK NUMBER
International Standard Book Number 9783040000000
245 #4 - TITLE STATEMENT
Title The State of the Art of Thermo-Chemical Heat Storage
546 ## - LANGUAGE NOTE
Language note English[eng]
650 ## - SUBJECT ADDED ENTRY--TOPICAL TERM
Topical term or geographic name entry element solar DWH||adsorption||heat storage||energy efficiency||climate conditions||numerical simulation||chemical sorption||system efficiency||reaction enthalpy||theoretical limits||cold storage||mobile refrigeration||FAM Z02||SAPO-34||zeolite||thermochemical storage||sorption heat storage||power-to-heat||power grid support||thermal storage||solar systems||experimental campaign||numerical modelling||SAPO34||foam
700 ## - ADDED ENTRY--PERSONAL NAME
Personal name Vasta, Salvatore
856 ## - ELECTRONIC LOCATION AND ACCESS
Uniform Resource Identifier <a href="https://mdpi.com/books/pdfview/book/4171">https://mdpi.com/books/pdfview/book/4171</a>
942 ## - ADDED ENTRY ELEMENTS (KOHA)
Koha item type E-Books
Holdings
Withdrawn status Lost status Damaged status Not for loan Home library Current library Date acquired Total Checkouts Date last seen Price effective from Koha item type
        Kerala University of Digital Sciences, Innovation and Technology Knowledge Centre Kerala University of Digital Sciences, Innovation and Technology Knowledge Centre 20/06/2022   20/06/2022 20/06/2022 E-Books